000 00314nam a22001457a 4500
008 210311b ||||| |||| 00| 0 eng d
020 _a9780805391916
041 _aeng
080 _210th
_a53
082 _a53
100 _a43
101 _aFIZ
245 _aConceptual Physics
_cHewitt, P. G
942 _2udc
_cBK
999 _c56429
_d56429